Interractive Language CourseBusiness English Presentations

Đã lưu trong:
Chi tiết về thư mục
Tác giả chính: Nguyễn Thị Thanh Hương
Định dạng: Sách
Ngôn ngữ:English
Được phát hành: Tổng Hợp TPHCM 2009
Những chủ đề:
Các nhãn: Thêm thẻ
Không có thẻ, Là người đầu tiên thẻ bản ghi này!
Thư viện lưu trữ: Mạng thư viện Đại học Đà Nẵng
LEADER 01154nam a22003251a 4500
001 000035081
003 11343
005 20151029000000.0
008 151029s2009 000 eng
041 |a eng 
082 |a 420.33  |b NG-H 
100 |a Nguyễn Thị Thanh Hương 
245 |a Interractive Language CourseBusiness English Presentations  |c Nguyễn Thị Thanh Hương 
260 |a Tổng Hợp TPHCM  |c 2009 
300 |a 72tr:ill: 
650 |a Nguyễn Thị Thanh Hương, 2009, Interractive Language CourseBusiness English Presentations 
852 |b Chuyên đề  |c Tiếng Anh tham khảo 1 
OWN |a LNN 
AVA |a UDN50  |b LNN  |d 420.33 NG-H  |e available  |t Error 5001 Not defined in file expand_doc_bib_avail.  |f 5  |g 0  |h N  |i 0  |k 1 
999 |a From the UDN01 
AVA |a UDN50  |b LNN  |d 420.33 NG-H  |e available  |t Error 5001 Not defined in file expand_doc_bib_avail.  |f 5  |g 0  |h N  |i 0  |k 1 
TYP |a Monograph 
TYP |a Printed language 
980 |a Mạng thư viện Đại học Đà Nẵng